Statistics for Countries that Beat Sri Lanka

Click here to take the quiz!

General Stats

  • This quiz has been taken 255 times
  • The average score is 8 of 15

Answer Stats

RankCategoryCountries% Correct
4Most Theravada Buddhist country [1]Cambodia | Thailand | Myanmar
87%
4Tea production [2]China | India | Kenya
86%
6Most populous starting with SSouth Africa | South Korea | Spain | Sudan | Saudi Arabia
80%
2Largest island nation entirely in
the Indian Ocean
Madagascar
78%
4Deadliest non-state terrorist attack [3]United States | Iraq | Ethiopia
69%
7Most recent to change name after
independence
North Macedonia | Eswatini | D.R. Congo | Myanmar |
Burkina Faso | Benin
64%
2Most deaths in 2004 Boxing Day tsunamisIndonesia
63%
2Highest position in 2007 Cricket World CupAustralia
53%
8Highest % of people who are Hindu
* among them that are < 50% Hindu
Mauritius | Fiji | Guyana | Bhutan | Suriname |
Trinidad and Tobago | Qatar
49%
3Longest official English nameUnited Kingdom | São Tomé and Príncipe
43%
5Lowest % of people living in the capitalUnited States | Burundi | Nigeria | Pakistan
38%
4World's largest monolith [4]Australia | Nigeria | Brazil
30%
8Lowest % of population living in
urban centers [5]
Papua New Guinea | Burundi | Liechtenstein | Niger |
Malawi | Rwanda | Samoa
26%
5Longest-serving female "President"Iceland | Ireland | Liberia | Finland
22%
5 (t)Most recent certified malaria-free country [6]Algeria | Argentina | Uzbekistan | Paraguay
5%

Score Distribution

Percentile by Number Answered

Percent of People with Each Score

Your Score History

You have not taken this quiz